| 000 | 00693nam a2200193 i 4500 | ||
|---|---|---|---|
| 001 | 170472 | ||
| 003 | ES-MaACL | ||
| 005 | 20230906214402.0 | ||
| 008 | 090309s1955 fr |||| | fre d | ||
| 080 | _a78.085.5 | ||
| 100 | 1 |
_aOster, Louis. _9139605 |
|
| 245 | 1 | 4 |
_aLes ballets du répertoire courant _b: contenant l'analyse de 101 ballets de 62 compositeurs / _cpar Louis Oster ; introduction de Rodolphe Leser. |
| 260 |
_aParis : _bÉditions du Conquistador, _c1955. |
||
| 300 |
_a171, [3] p. ; _c21 cm. |
||
| 500 | _aÍndices. | ||
| 650 | 0 | 4 |
_aBallets. _9139399 |
| 700 | 1 |
_aLeser, Rodolphe. _9139606 |
|
| 852 | 4 |
_aES-MaACL _jE-12489 _9R.140092 _z. - Biblioteca Jacinto Martínez Lacalle |
|
| 999 |
_c170472 _d170472 |
||